000 00225nam a22001097a 4500
999 _c260773
_d260772
020 _a9780152058807
100 _aGary Paulsen
245 _aHarris and Me
260 _aUSA
_bHarcourt Inc.
300 _a157 pgs.
942 _cBK